Bāraha kahāniyām̐. (Record no. 56343)

MARC details
000 -LEADER
fixed length control field 00534cam a22002171 4500
001 - CONTROL NUMBER
control field sa 64000604
003 - CONTROL NUMBER IDENTIFIER
control field DLC
005 - DATE AND TIME OF LATEST TRANSACTION
control field 20260227111957.0
008 - FIXED-LENGTH DATA ELEMENTS--GENERAL INFORMATION
fixed length control field 881102s1962 xx 000 0 hinr
010 ## - LIBRARY OF CONGRESS CONTROL NUMBER
LC control number sa 64000604
035 ## - SYSTEM CONTROL NUMBER
System control number (OCoLC)23548212
040 ## - CATALOGING SOURCE
Original cataloging agency DLC
Transcribing agency MiU
Modifying agency DLC
042 ## - AUTHENTICATION CODE
Authentication code premarc
050 00 - LIBRARY OF CONGRESS CALL NUMBER
Classification number PK2077
Item number .T4
100 1# - MAIN ENTRY--PERSONAL NAME
Personal name Tewari, Ram Chandra,
Dates associated with a name 1910-
Relator term ed.
245 10 - TITLE STATEMENT
Title Bāraha kahāniyām̐.
260 ## - PUBLICATION, DISTRIBUTION, ETC.
Place of publication, distribution, etc. n. p.,
Date of publication, distribution, etc. 1962]
300 ## - PHYSICAL DESCRIPTION
Extent 160 p.
Dimensions 18 cm.
500 ## - GENERAL NOTE
General note Romanized.
650 #0 - SUBJECT ADDED ENTRY--TOPICAL TERM
Topical term or geographic name entry element Short stories, Hindi

No items available.

Powered by Koha